Acto académico: Javier Pérez de Cuéllar, homenaje

Gorde:
Xehetasun bibliografikoak
Erakunde egilea: Universidad de Lima (Egilea)
Formatua: Liburua
Hizkuntza:gaztelania
Argitaratua: Lima Universidad de Lima 2000
Gaiak:
Etiketak: Etiketa erantsi
Etiketarik gabe, Izan zaitez lehena erregistro honi etiketa jartzen!

MARC

LEADER 00000nam a2200000 a 4500
001 UCM8748
003 CL-VaPUC
008 030328e20000000PE |||||||||||||||||spa|d
082 0 4 |a 378.25  |b UNI  |2 21 
110 2 |a Universidad de Lima  |e author  |9 474937 
245 1 0 |a Acto académico: Javier Pérez de Cuéllar, homenaje 
300 |a 46 p 
942 |c BK 
945 |d 20030328 00:00:00  |a rbrito 
260 |a Lima  |b Universidad de Lima  |c 2000 
600 0 7 |a PEREZ DE CUELLAR, JAVIER  |2 CL-VaPUC  |9 474938 
650 0 |a Educación superior   |9 223851 
650 7 |a GRADOS ACADEMICOS  |2 CL-VaPUC  |9 257233 
651 0 |a Perú  |9 256567 
583 |a last modification  |c 20030328 00:00:00  |k Rodrigo Vera 
999 |c 303186  |d 303184 
952 |0 0  |1 0  |4 0  |6 378_250000000000000_UNI_2000  |7 0  |8 P  |9 364334  |a BIBDER  |b BIBDER  |d 2019-11-21  |i 3859312  |o 378.25 UNI 2000  |p 3859312  |r 2023-01-25  |w 2019-11-21  |y BK  |k DER